000 00185 a2200097 4500
020 _a9789580506089
041 _aspa
100 _aAnonimo
245 _aLa Huella del Hombre
942 _cBK
999 _c10231
_d10231